وراثة وتطور السلوك / (Record no. 15954)
[ view plain ]
| 000 -الفاتح | |
|---|---|
| حقل البيانات ثابتة الطول | 02182nam a22003857i 4500 |
| 003 - محدد رقم الضبط | |
| رقم الضبط | EG-ScBUE |
| 005 - وقت وتاريخ اخر تعامل مع التسجيلة | |
| رقم الضبط | 20260510114521.0 |
| 008 - عناصر البيانات ثابتة الطول - معلومات عامة | |
| حقل البيانات ثابتة الطول | 110905s1983 ua|a frbd 000 0aara |
| 017 ## - رقم الإيداع القانونى | |
| رقم الإيداع القانونى | 84 / 1650 |
| 020 ## - الرقم الدولى المعيارى للكتب | |
| الرقم الدولى المعيارى للكتاب | 0.070192766 |
| 040 ## - مصدر الفهرسة | |
| وكالة الفهرسة الأصلية | EG-ScBUE |
| لغة الفهرسة | ara |
| قواعد الوصف | rda |
| وكالة النسخ | EG-ScBUE |
| وكالة التعديل | EG-ScBUE |
| 041 1# - رمز اللغة | |
| رمز لغة النص/ المسارات الصوتية أو العنوان الانفرادي | ara |
| رمز لغة الترجمات و/او الاصلية المتوسطة للنص | eng |
| 082 04 - رقم تصنيف ديوى العشرى | |
| رقم التصنيف | 576.5 |
| رقم المادة | إ ر م |
| رقم الطبعة | 22 |
| 100 1# - المدخل الرئيسى - إسم شخصى | |
| 9 (RLIN) | 26998 |
| الإسم الشخصى | إرمان ، لي، |
| الدور | مؤلف. |
| 240 1# - العنوان الموحد | |
| عنوان موحد | Behaviour genetics and evolution. |
| لغة العمل | Arabic |
| 245 10 - بيان العنوان | |
| العنوان | وراثة وتطور السلوك / |
| بقية العنوان | تأليف لي. إرمان، جامعة ولاية نيويورك، بيرشاز، بيتر ا. بارسونز، جامعة لاتروب، بندورا، أستراليا ؛ ترجمة دكتور / أحمد شوقي حسن، أستاذ الوراثة المساعد، كلية الزراعة، جامعة الزقازيق، دكتور / رمزي علي العدوي، أستاذ الوراثة المساعد، كلية الزراعة، جامعة عين شمس ؛ مراجعة الأستاذ الدكتور / السيد حسن حسنين، أستاذ الوراثة وعميد كلية الزراعة، جامعة عين شمس. |
| 264 #1 - النشر، التوزيع | |
| مكان الناشر او الموزع | القاهرة : |
| اسم الناشر او الموزع | المكتبة الأكاديمية، |
| تاريخ النشر أو التوزيع | 1983. |
| 300 ## - الوصف المادى | |
| التعداد | 525، 11 صفحة : |
| تفاصيل ماديه اخرى للوعاء | إيضاحيات ؛ |
| أبعاد الوعاء | 24 سم |
| 336 ## - نوع المحتوى | |
| source | rdacontent |
| Carrier Type Term | نص |
| Content Type Code | txt |
| 337 ## - نوع الوسيط | |
| Media Type Term | بدون وسيط |
| source | rdamedia |
| Media Type Code | n |
| 338 ## - نوع الحامل أو الناقل | |
| Carrier Type Term | مجلد |
| Carrier Type Code | nc |
| source | rdacarrier |
| 500 ## - تبصرة عامة | |
| تبصرة عامة | يشتمل على قائمة بالمصطلحات. |
| 504 ## - تبصرة ببليوجرافية | |
| تبصرة ببليوجرافية,الخ | يشتمل على إرجاعات ببليوجرافية. |
| 546 ## - تبصرة اللغة | |
| تبصرة اللغة | النص باللغة الإنجليزية ؛ وقد تم ترجمته إلى العربية. |
| 650 #7 - المدخل الاضافى بالموضوع-مصطلح موضوعى | |
| 9 (RLIN) | 16693 |
| مصطلح موضوعي أو اسم جغرافي كعنصر مدخل | الوراثة. |
| مصدر الرأس أو المصطلح | BUEsh |
| 650 #7 - المدخل الاضافى بالموضوع-مصطلح موضوعى | |
| 9 (RLIN) | 27018 |
| مصطلح موضوعي أو اسم جغرافي كعنصر مدخل | الأمراض الوراثية. |
| مصدر الرأس أو المصطلح | BUEsh |
| 650 #7 - المدخل الاضافى بالموضوع-مصطلح موضوعى | |
| 9 (RLIN) | 27019 |
| مصطلح موضوعي أو اسم جغرافي كعنصر مدخل | العوامل المؤثرة في الوراثة. |
| مصدر الرأس أو المصطلح | BUEsh |
| 653 ## - مصطلح تكشيفى غير مقيد | |
| Arrived date list | September2011 |
| 655 ## - مصطلح تكشيفى-نوع/شكل | |
| التقسيم الفرعي الشكلي | Reading book |
| 700 1# - المدخل الاضافى - اسم شخصى | |
| الإسم الشخصى | بارسونز، بيتر ا.، |
| الدور | مؤلف. |
| 700 1# - المدخل الاضافى - اسم شخصى | |
| 9 (RLIN) | 27000 |
| الإسم الشخصى | حسن، أحمد شوقي، |
| الدور | مترجم. |
| 700 1# - المدخل الاضافى - اسم شخصى | |
| 9 (RLIN) | 27001 |
| الإسم الشخصى | العدوي، رمزى علي، |
| الدور | مترجم. |
| 700 1# - المدخل الاضافى - اسم شخصى | |
| 9 (RLIN) | 27002 |
| الإسم الشخصى | حسنين، السيد حسن، |
| الدور | مراجع. |
| 942 ## - عناصر المدخل الإضافي( كوها) | |
| مصدر التصنيف او مخطط الترفيف | Dewey Decimal Classification |
| Koha [default] item type | Book - Borrowing |
| حالة التراجع | حالة الفقد | مصدر التصنيف او خطة الترفيف | حالة تلف | ليس للاعارة | مجموعات كوها | المكان الدائم | المكان الحالي | موقع الترفيف | تاريخ الاكتساب | Source of acquisition | رقم الاستدعاء | الباركود | Date last seen | نوع الوعاء |
|---|---|---|---|---|---|---|---|---|---|---|---|---|---|---|
| Dewey Decimal Classification | Alef-Baa | Central Library | Central Library | First floor | 05/09/2011 | 576.5 إ ر م | 000024632 | 15/07/2025 | Book - Borrowing |